<?xml version="1.0" encoding="UTF-8"?>
<marc:record xmlns:marc="http://www.loc.gov/MARC21/slim">
   <marc:leader>00000nam a2200000 a 4500</marc:leader>
   <marc:datafield ind1="1" ind2=" " tag="100">
      <marc:subfield code="a">Rubach, Malte Jörn</marc:subfield>
      <marc:subfield code="4">aut</marc:subfield>
      <marc:subfield code="e">Verfasser/-in</marc:subfield>
   </marc:datafield>
   <marc:datafield ind1=" " ind2=" " tag="653">
      <marc:subfield code="a">Altern</marc:subfield>
   </marc:datafield>
   <marc:datafield ind1=" " ind2=" " tag="653">
      <marc:subfield code="a">Gesunde Lebensführung</marc:subfield>
   </marc:datafield>
   <marc:datafield ind1="0" ind2="0" tag="245">
      <marc:subfield code="a">Das Geheimnis des gesunden Alterns</marc:subfield>
   </marc:datafield>
   <marc:datafield ind1="0" ind2="0" tag="245">
      <marc:subfield code="b">Die Essenz aller wissenschaftlichen Studien - mit vielen praktischen Anwendungen</marc:subfield>
   </marc:datafield>
   <marc:datafield ind1="0" ind2="0" tag="245">
      <marc:subfield code="c">Rubach, Malte Jörn</marc:subfield>
   </marc:datafield>
   <marc:datafield ind1=" " ind2="1" tag="264">
      <marc:subfield code="a">München</marc:subfield>
      <marc:subfield code="b">Knaur MensSana</marc:subfield>
   </marc:datafield>
   <marc:datafield ind1=" " ind2=" " tag="250">
      <marc:subfield code="a">Originalausgabe, [2. Auflage]</marc:subfield>
   </marc:datafield>
   <marc:datafield ind1="1" ind2=" " tag="520">
      <marc:subfield code="a">Angaben aus der Verlagsmeldung &#xD;
&#xD;
 Das Geheimnis des gesunden Alterns  : Die Essenz aller wissenschaftlichen Studien - mit vielen praktischen Anwendungen  Rubach, Das Geheimnis des gesunden Alterns  / von Malte Rubach&#xD;
&#xD;
Der Ratgeber für ein langes Leben: Das ultimative Fazit aller wissenschaftlichen Studien zum Thema Gesund-Altern - mit vielen praktischen Anwendungen.&#xD;
&#xD;
Es ist ein alter Menschheitstraum: ein langes Leben in Glück und Gesundheit. Die moderne Altersforschung bietet eine ganze Reihe gesicherter Erkenntnisse, wie wir länger körperlich wie mental fit bleiben. Beides hängt eng miteinander zusammen.&#xD;
Wie lautet also die Wunder-Formel? Kurz gesagt: Es geht um das richtige Maß an Ernährung, Bewegung und Genuss. Der gefragte promovierte Ernährungswissenschaftler und Altersforscher Dr. Malte Rubach erklärt in seinem neuen Gesundheits-Ratgeber mithilfe aller aktuellen wissenschaftlichen Studien, wie es gelingt, gesund und glücklich alt zu werden. Was kann man zum Beispiel für die eigene Herz-Gesundheit tun? Wie lassen sich Knochen stark und Muskeln flexibel und voller Energie erhalten? Warum ist der Faktor Genuss genauso wichtig wie Ernährung und Bewegung? Dr. Rubach deckt alle Mythen zum Thema „Gesund altern“ auf: Weshalb leben die Menschen in den sogenannten Blue Zones der Welt wirklich länger? Verkürzt der Konsum von tierischen Produkten das Leben tatsächlich? Diesen und vielen weiteren Fragen geht er auf den Grund. Fundiert und praktisch umsetzbar mit Hilfe von kleinen Übungen für den Alltag bietet er eine kompakte Essenz des aktuellen Forschungsstands.</marc:subfield>
   </marc:datafield>
   <marc:datafield ind1=" " ind2=" " tag="020">
      <marc:subfield code="a">9783426658628</marc:subfield>
      <marc:subfield code="9">9783426658628</marc:subfield>
   </marc:datafield>
   <marc:datafield ind1=" " ind2=" " tag="020">
      <marc:subfield code="a">3426658623</marc:subfield>
      <marc:subfield code="9">3426658623</marc:subfield>
   </marc:datafield>
   <marc:datafield ind1=" " ind2=" " tag="041">
      <marc:subfield code="a">ger</marc:subfield>
   </marc:datafield>
   <marc:datafield ind1=" " ind2=" " tag="300">
      <marc:subfield code="b">Illustrationen</marc:subfield>
   </marc:datafield>
   <marc:datafield ind1=" " ind2=" " tag="338">
      <marc:subfield code="a">Band</marc:subfield>
   </marc:datafield>
   <marc:datafield ind1=" " ind2=" " tag="300">
      <marc:subfield code="a">333 Seiten</marc:subfield>
   </marc:datafield>
</marc:record>
